00725nam a2200217 i 4500001001100000003000500011005001700016008004100033022001400074040002500088082001400113110003300127245009900160264005800259300005400317336002100371337002500392338002300417650002200440710004500462C2-0314006PPAK20180728105706.0111205s2005 my a|||| ||||| | zxx d a1394-4525 aPPAKbengcPPAKerda04a634.92232 aMalaysia, Jabatan Perangkaan00aPerangkaan perhutanan semenanjung Malaysia 2005 bforestry statistics peninsular Malaysia 2005 1aKuala Lumpur : bJabatan Perangkaan Malaysia , c2005 axiv, 159 pages : bcolour illustrations ; c18 cm 2rdacontentatext 2rdamediaaunmediated 2rdacarrieravolume10aForestry surveys.2 aMalaysia, Jabatan Perangkaan eorganizer